[Event "Nordic Championship 65+"]
[Site "Vaxjo"]
[Date "2017.06.27"]
[Round "3.6"]
[White "Wihlborn, Bengt"]
[Black "Heikkila, Raine"]
[Result "1-0"]
[WhiteElo "1842"]
[BlackElo "1714"]

1.Nf3 d5 2.c4 d4 3.e3 dxe3 4.fxe3 Bg4 5.Be2 Nc6 6.d4 e6 7.O-O Bd6 8.Nc3 a6
9.a3 Bh5 10.b4 Nb8 11.e4 c6 12.Be3 Nd7 13.e5 Bc7 14.Kh1 Bg6 15.Qb3 Ne7 16.
Rad1 Nf5 17.Bg1 h5 18.Bf2 h4 19.Kg1 Bb6 20.Rfe1 Bh5 21.Ne4 Qe7 22.c5 Bd8 
23.Nd6+ Nxd6 24.cxd6 Qf8 25.Bc4 Bg4 26.Rc1 Nb6 27.Bf1 Kd7 28.Nd2 Nd5 29.
Ne4 Bb6 30.a4 Bf5 31.b5 Bxe4 32.Rxe4 f5 33.bxc6+ bxc6 34.Re2 a5 35.Qc4 Qc8
36.Rb2 Nb4 37.Be2 Rb8 38.Bf3 Nd5 39.Bxd5 exd5 40.Qe2 Ke6 41.Rcb1 Ba7 42.
Rxb8 Bxb8 43.Qb2 g5 44.Qb7 Qxb7 45.Rxb7 Bxd6 46.exd6 Kxd6 47.Kf1 Rg8 48.
Be1 h3 49.Bxa5 hxg2+ 50.Kxg2 Ra8 51.Bb4+ Ke6 52.a5 g4 53.Bd2 f4 54.Rc7 Ra6
55.Rg7 Kf5 56.Re7 f3+ 57.Kf2 Ra8 58.Rc7 Rh8 59.Kg1 Ke4 60.Rg7 Kxd4 61.
Rxg4+ Kd3 62.Be1 Ke2 63.Bg3 Ra8 64.Ra4 Rg8 65.Ra2+ Ke3 66.Kf1 d4 67.a6 d3 
68.a7 Ra8 69.Bf2+ Ke4 70.Ke1 Kd5 71.Kd2 Kc4 72.Ra3 c5 73.Rc3+ Kb4 74.Bxc5+
Kb5 75.Be3 Rh8 76.Kxd3 Rd8+ 77.Ke4 Rf8 78.Rc2 Ka6 79.Rf2 Re8+ 80.Kxf3 
Rxe3+ 81.Kxe3 Kxa7 82.Rb2 1-0

[Event "Nordic Championship 65+"]
[Site "Vaxjo"]
[Date "2017.06.27"]
[Round "3.7"]
[White "Norevall, Ulf"]
[Black "Olsson, Sture"]
[Result "1/2-1/2"]
[WhiteElo "1769"]
[BlackElo "1921"]

1.d4 d5 2.c4 c6 3.Nf3 Nf6 4.Nc3 g6 5.cxd5 Nxd5 6.e4 Nxc3 7.bxc3 Bg7 8.Be2 
O-O 9.O-O c5 10.Bb2 Nc6 11.d5 Ne5 12.Nxe5 Bxe5 13.f4 Bg7 14.Qd2 Qa5 15.
Rfd1 Bd7 16.c4 Qxd2 17.Rxd2 Bh6 18.g3 Rfe8 19.e5 g5 20.Rf1 a6 21.f5 Red8 
22.Ba3 b6 23.g4 Bf8 24.Bd1 h6 25.Rdf2 Bg7 26.Bb2 Be8 27.a4 b5 28.Bf3 Rab8 
29.axb5 axb5 30.cxb5 Rxb5 31.f6 exf6 32.exf6 Bf8 33.Be5 c4 34.Rc2 Rb4 35.
Bc7 Rd7 36.Ba5 Ra4 37.Bb6 Rb7 38.Bd4 Bd6 39.Re1 Bd7 40.h3 Rb3 41.Kg2 Raa3 
42.Bf2 Rb4 43.Bd4 1/2-1/2

[Event "Nordic Championship 65+"]
[Site "Vaxjo"]
[Date "2017.06.27"]
[Round "3.8"]
[White "Lundgren, Ulf"]
[Black "Grahn, Lars"]
[Result "1/2-1/2"]
[WhiteElo "1963"]
[BlackElo "2008"]

1.e4 Nf6 2.e5 Nd5 3.d4 d6 4.exd6 exd6 5.Be2 Be7 6.Bf3 Nf6 7.Ne2 O-O 8.O-O 
c6 9.Nf4 Bf5 10.d5 c5 11.c4 Nbd7 12.Nc3 Ne5 13.b3 Qd7 14.Be2 Rfe8 15.Nd3 
Nxd3 16.Bxd3 a6 17.a4 h6 18.Qc2 Bxd3 19.Qxd3 Bf8 20.h3 g6 21.Qf3 Bg7 22.
Bxh6 Bxh6 23.Qxf6 Bg7 24.Qf3 Re7 25.Rae1 Rae8 26.Rxe7 Qxe7 27.Rc1 Bh6 28.
Rd1 Bg7 29.Nb1 Bd4 30.Kf1 Qe5 31.g3 Kg7 32.Nd2 Kg8 33.Nb1 Re7 34.Kg2 Qe2 
35.Rd2 Qe1 36.Rd1 Qe2 37.Rd2 Qe1 38.Rd1 1/2-1/2

[Event "Nordic Championship"]
[Site "Vaxjo"]
[Date "2017.06.28"]
[Round "4.1"]
[White "Rasmussen, Allan Stig"]
[Black "Grandelius, Nils"]
[Result "1/2-1/2"]
[WhiteElo "2540"]
[BlackElo "2655"]

1.c4 e6 2.Nc3 d5 3.d4 Be7 4.Bf4 Nf6 5.e3 O-O 6.Nf3 Nbd7 7.cxd5 Nxd5 8.Nxd5
exd5 9.Bd3 c6 10.O-O a5 11.Qc2 g6 12.Rad1 Re8 13.h3 Nf8 14.a3 Ne6 15.Bh2 
Ng7 16.Qc3 Bf5 17.Be2 Bd6 18.Bxd6 Qxd6 19.b4 axb4 20.axb4 Ra2 21.Rd2 Ra4 
22.Rb2 Ne6 23.Rc1 Be4 24.Nd2 Bf5 25.Bf1 h5 26.b5 Rc8 27.Qb3 Ra3 28.Qd1 c5 
29.dxc5 Rxc5 30.Nb3 Rxc1 31.Qxc1 Qe5 32.b6 Kg7 33.Qd2 h4 34.Be2 Be4 35.f3 
Bf5 36.f4 Qf6 37.Bf3 Be4 38.Bg4 Bf5 39.Bf3 Be4 40.Bg4 Bf5 1/2-1/2

[Event "Nordic Championship"]
[Site "Vaxjo"]
[Date "2017.06.28"]
[Round "4.2"]
[White "Hjartarson, Johann"]
[Black "Kjartansson, Gudmundur"]
[Result "1/2-1/2"]
[WhiteElo "2541"]
[BlackElo "2464"]

1.c4 Nf6 2.Nc3 e6 3.e4 d5 4.e5 Ne4 5.Nf3 Nc6 6.d4 Nxc3 7.bxc3 dxc4 8.Bxc4 
Na5 9.Bd3 c5 10.O-O h6 11.Qe2 Bd7 12.Rb1 Qc7 13.Nd2 Nc6 14.Qe3 cxd4 15.
cxd4 Nb4 16.Be4 Bc6 17.a3 Bxe4 18.Nxe4 Nd5 19.Qb3 b6 20.a4 a5 21.Ba3 Nb4 
22.Nc3 Be7 23.Nb5 Qd8 24.Rbc1 O-O 25.Rc7 Nd5 26.Bxe7 Nxe7 27.Rfc1 Nf5 28.
Qc4 Qg5 29.g3 Rad8 30.Qd3 Rd5 31.Rc8 Rfd8 32.R1c4 g6 33.f4 Qe7 34.g4 Ng7 
35.Nd6 Rxd6 36.exd6 Qxd6 37.Rxd8+ Qxd8 38.Qf3 h5 39.h3 hxg4 40.hxg4 Ne8 
41.Qc6 Kf8 42.g5 Qb8 43.d5 Nd6 44.Rd4 Nf5 45.d6 Nxd4 46.Qc7 Nc6 47.Qxc6 
Qd8 48.Kf2 e5 49.fxe5 Qxg5 50.Qc8+ Kg7 51.d7 Qd2+ 52.Kf1 Qd1+ 53.Kf2 
1/2-1/2

[Event "Nordic Championship"]
[Site "Vaxjo"]
[Date "2017.06.28"]
[Round "4.3"]
[White "Blomqvist, Erik"]
[Black "Schneider, Stefan"]
[Result "1/2-1/2"]
[WhiteElo "2554"]
[BlackElo "2360"]

1.Nf3 d5 2.g3 c6 3.c4 Bg4 4.Bg2 e6 5.cxd5 Bxf3 6.Bxf3 cxd5 7.O-O Nc6 8.d4 
Nf6 9.e3 Be7 10.Nc3 O-O 11.Qe2 Rc8 12.Bd2 Bb4 13.Rfd1 Qe7 14.a3 Bxc3 15.
Bxc3 Rfd8 16.Bg2 Nd7 17.Be1 Rc7 18.b4 Nf6 19.b5 Nb8 20.Ba5 b6 21.Bb4 Qe8 
22.Rdc1 Rdc8 23.Rxc7 Rxc7 24.Bf1 Nbd7 25.Qf3 Rc8 26.Bd3 Qd8 27.Kg2 Ne8 28.
h4 Ndf6 29.g4 Nd6 30.g5 Nfe8 31.Qf4 Qd7 32.h5 Nf5 33.a4 Ned6 34.Rh1 Nc4 
35.Rb1 Kh8 36.Kh2 Kg8 37.h6 g6 38.Rc1 Qd8 39.e4 Nxd4 40.exd5 e5 41.Qg4 Nd6
42.Rxc8 Nxc8 43.f4 exf4 44.Bc3 Ne6 45.dxe6 Qxd3 46.exf7+ Kxf7 47.Qxc8 Qg3+
48.Kh1 Qh4+ 49.Kg1 Qxg5+ 50.Kf1 Qd5 51.Kf2 g5 52.Qc7+ Ke6 53.Qxh7 Qc5+ 54.
Kg2 Qxc3 55.Qe4+ Kf7 56.Qd5+ Kf8 57.Qf5+ Ke8 58.Qg6+ Kf8 59.Qf5+ Ke8 60.
Qe6+ Kf8 61.Qd6+ Kg8 62.Qd5+ Kh7 63.Qb7+ Kh8 64.Qa8+ Kh7 65.Qe4+ Kh8 66.
Qe8+ Kh7 67.Qd7+ Kh8 68.Qe8+ Kh7 69.Qe4+ Kh8 70.Qe8+ 1/2-1/2

[Event "Nordic Championship"]
[Site "Vaxjo"]
[Date "2017.06.28"]
[Round "4.4"]
[White "Thybo, Jesper Sondergaard"]
[Black "Ziska, Helgi Dam"]
[Result "1-0"]
[WhiteElo "2465"]
[BlackElo "2544"]

1.d4 Nf6 2.Nf3 g6 3.Bf4 Bg7 4.e3 d6 5.Be2 Nbd7 6.h3 O-O 7.O-O b6 8.a4 a5 
9.c3 Bb7 10.Nbd2 Re8 11.Bh2 Ne4 12.Nxe4 Bxe4 13.Nd2 Bb7 14.f4 e6 15.e4 Nf6
16.Bf3 d5 17.e5 Ne4 18.Qc2 Nxd2 19.Qxd2 c5 20.g4 Ba6 21.Rf2 Bh6 22.Bg3 
cxd4 23.cxd4 Rc8 24.h4 Re7 25.h5 Rec7 26.hxg6 fxg6 27.Kg2 Qf8 28.Rh1 Bc4 
29.Bd1 Ba2 30.g5 Bg7 31.Bg4 Kf7 32.f5 gxf5 33.Bxf5 Ke7 34.Bd3 Qe8 35.Rxh7 
1-0

[Event "Nordic Championship"]
[Site "Vaxjo"]
[Date "2017.06.28"]
[Round "4.5"]
[White "Smith, Axel"]
[Black "Hansen, Mads"]
[Result "1-0"]
[WhiteElo "2505"]
[BlackElo "2414"]

1.d4 d5 2.c4 c6 3.Nf3 Nf6 4.e3 Bg4 5.h3 Bh5 6.g4 Bg6 7.Ne5 Nbd7 8.Nxg6 
hxg6 9.Bg2 e5 10.cxd5 Nxd5 11.Nc3 N5b6 12.O-O Be7 13.d5 cxd5 14.Nxd5 Nc5 
15.Nc3 O-O 16.b4 Nd3 17.a3 Rc8 18.Qb3 Qc7 19.Nd5 Nxd5 20.Qxd3 Nb6 21.Qe4 
Rb8 22.Bb2 Bd6 23.Rfd1 f5 24.gxf5 gxf5 25.Qh4 e4 26.Rac1 Qe7 27.Qxe7 Bxe7 
28.Rc7 Bf6 29.Bxf6 Rxf6 30.f3 Rf7 31.Rxf7 Kxf7 32.fxe4 fxe4 33.Bxe4 Rc8 
34.Rd3 Rc7 35.Kf2 Kf6 36.Rd8 Nc4 37.a4 b6 38.Rd4 Ke5 39.Ke2 Nd6 40.Bd3 g5 
41.h4 gxh4 42.Rxh4 Rg7 43.Rh5+ Ke6 44.Rh6+ Kd5 45.Rh5+ Ke6 46.e4 Nf7 47.
Bc4+ Kd6 48.Bxf7 Rxf7 49.Kd3 Rf1 50.Rh7 Rb1 51.Kc4 a5 52.Rh6+ Kc7 53.b5 
Rb4+ 54.Kd5 Rxa4 55.Rh7+ Kd8 56.e5 Rb4 57.Kc6 Re4 58.Ra7 Rxe5 59.Ra8+ Ke7 
60.Kxb6 Kd7 61.Kxa5 Re1 62.Kb6 Rb1 63.Rb8 Ra1 64.Kb7 Ra5 65.b6 1-0

[Event "Nordic Championship"]
[Site "Vaxjo"]
[Date "2017.06.28"]
[Round "4.6"]
[White "Johansson, Linus"]
[Black "Westerberg, Jonathan"]
[Result "1/2-1/2"]
[WhiteElo "2448"]
[BlackElo "2468"]

1.d4 Nf6 2.c4 e6 3.Nc3 d5 4.cxd5 Nxd5 5.e4 Nxc3 6.bxc3 c5 7.a3 g6 8.Nf3 
Bg7 9.Bb5+ Nc6 10.O-O cxd4 11.cxd4 Bd7 12.Rb1 O-O 13.Bg5 Ne7 14.Bc4 b6 15.
d5 exd5 16.exd5 h6 17.Bh4 g5 18.Bg3 Rc8 19.Ba2 Bf5 20.d6 Bxb1 21.Bxb1 Ng6 
22.Nd4 Qf6 23.Nf5 Rfd8 24.h3 Rc5 25.Qd3 Bf8 26.Rd1 Rc3 27.Qa6 Rxg3 28.fxg3
Bxd6 29.Rf1 Bc5+ 30.Kh2 Ne7 31.Nxe7+ Qxe7 32.Ba2 Rf8 33.Qd3 Kh8 34.Qf5 Kg7
35.a4 a5 36.Bb1 Rh8 37.Ba2 Rf8 38.Bb1 Rh8 39.Qd3 Qe5 40.Qd7 Qe7 41.Qd3 Qe5
42.Ba2 Rf8 43.Bb1 1/2-1/2

[Event "Nordic Championship"]
[Site "Vaxjo"]
[Date "2017.06.28"]
[Round "4.7"]
[White "Johansson, Thomas"]
[Black "Brynell, Stellan"]
[Result "1-0"]
[WhiteElo "2205"]
[BlackElo "2434"]

1.d4 Nf6 2.c4 e6 3.Nf3 b6 4.g3 Ba6 5.Nbd2 Bb4 6.Qa4 c5 7.a3 Bxd2+ 8.Bxd2 
cxd4 9.Bg2 Bb7 10.O-O Bc6 11.Qb3 O-O 12.Nxd4 Bxg2 13.Kxg2 Nc6 14.Nb5 a6 
15.Nc3 Qc7 16.Bg5 Ng4 17.Bf4 Qb7 18.f3 Na5 19.Qb4 Rfc8 20.b3 Nc6 21.Qd6 
Nf6 22.Rfd1 Na5 23.Rab1 Rc6 24.Qd3 Rac8 25.Ne4 Nxe4 26.Qxe4 Rd8 27.Bg5 f6 
28.Bd2 Rc7 29.c5 Nc6 30.cxb6 Qxb6 31.Bf4 Rcc8 32.Bd6 Re8 33.Rd3 Ne7 34.
Bxe7 Rxe7 35.Rbd1 Qc6 36.Qb4 Kf7 37.Rd6 Qb5 38.Qxb5 axb5 39.Rxd7 Rc3 40.
R7d3 Rxd3 41.Rxd3 Ra7 42.b4 e5 43.Kf2 Ke6 44.Ke3 f5 45.Rc3 h5 46.Rc6+ Kf7 
47.Rc5 Rxa3+ 48.Kf2 Kf6 49.h4 Rb3 50.Rxb5 g6 51.Rb6+ Kf7 52.Rb8 f4 53.b5 
fxg3+ 54.Kxg3 e4 55.Kf4 exf3 56.exf3 Rc3 57.Kg5 Rxf3 58.Kh6 Rf6 59.b6 g5+ 
60.Kxg5 1-0

[Event "Nordic Championship"]
[Site "Vaxjo"]
[Date "2017.06.28"]
[Round "4.8"]
[White "Nielsen, Rogvi Egilstoft"]
[Black "Krantz, Christopher"]
[Result "1/2-1/2"]
[WhiteElo "2353"]
[BlackElo "2200"]

1.e4 e6 2.d4 d5 3.Nd2 c5 4.exd5 Qxd5 5.Ngf3 cxd4 6.Bc4 Qd6 7.O-O Nf6 8.Nb3
Nc6 9.Nbxd4 Nxd4 10.Qxd4 Qxd4 11.Nxd4 Bd7 12.Be2 Bc5 13.Nb3 Bb6 14.a4 a6 
15.Bf3 Bc6 16.Bxc6+ bxc6 17.Nd2 O-O 18.Nc4 Ba7 19.Be3 Bxe3 20.Nxe3 Rab8 
21.b3 Nd5 22.Rfd1 Nxe3 23.fxe3 Rfd8 24.Kf2 e5 25.Ke2 f5 26.Rxd8+ Rxd8 27.
Rf1 g6 28.b4 Kf7 29.g4 Ke6 30.gxf5+ gxf5 31.c4 Rg8 32.Rb1 Kd6 33.Kf3 Rg6 
34.b5 axb5 35.cxb5 cxb5 36.Rxb5 Rg4 37.a5 Ra4 38.Rb6+ Kd5 39.Rb5+ Kd6 40.
Rb6+ Kd5 41.Rf6 Rxa5 42.Rxf5 Ra7 43.Rf6 Ra4 44.Rh6 Ra7 45.Rf6 Ra4 46.Rh6 
Ra7 47.Rh5 Rf7+ 48.Ke2 Ra7 49.Kf3 Rf7+ 50.Ke2 Ra7 51.Kf3 1/2-1/2

[Event "Nordic Championship"]
[Site "Vaxjo"]
[Date "2017.06.28"]
[Round "4.9"]
[White "Nygren, Kim"]
[Black "Lokander, Martin"]
[Result "0-1"]
[WhiteElo "2184"]
[BlackElo "2329"]

1.d4 d5 2.c4 c6 3.Nc3 Nf6 4.Nf3 e6 5.Bg5 Nbd7 6.e3 h6 7.Bh4 Be7 8.Bd3 O-O 
9.O-O b6 10.Qe2 Bb7 11.Rfd1 c5 12.Bg3 a6 13.cxd5 exd5 14.Ne5 c4 15.Bf5 b5 
16.Qf3 Nb6 17.Bf4 Nc8 18.Ne2 Nd6 19.Ng3 g5 20.Ng4 gxf4 21.Nxh6+ Kg7 22.
Qxf4 Rh8 23.Ng4 Nxg4 24.Bxg4 Ne4 25.Nxe4 dxe4 26.d5 Bd6 27.Qxe4 Rxh2 28.
Kf1 Qf6 29.Rab1 Rh4 30.g3 Bxg3 0-1

[Event "Nordic Championship"]
[Site "Vaxjo"]
[Date "2017.06.28"]
[Round "4.10"]
[White "Rostgaard, Tobias Valentin"]
[Black "Olofsson-Dolk, Mattis"]
[Result "1/2-1/2"]
[WhiteElo "2327"]
[BlackElo "2203"]

1.e4 e5 2.Nf3 Nc6 3.Nc3 Nf6 4.a3 Be7 5.Bc4 Nxe4 6.Nxe4 d5 7.Bb5 dxe4 8.
Nxe5 Qd5 9.Nxc6 bxc6 10.Be2 Qg5 11.Kf1 O-O 12.d3 Qf6 13.dxe4 Bc5 14.f3 Rd8
15.Qe1 Be6 16.h4 h6 17.g3 Rd7 18.Kg2 Rad8 19.g4 Qd4 20.c3 Qa4 21.b4 Qc2 
22.Kh3 Bd6 23.Bd1 Qd3 24.Be2 Qc2 25.Bd1 Qd3 26.Be2 1/2-1/2

[Event "Nordic Championship"]
[Site "Vaxjo"]
[Date "2017.06.28"]
[Round "4.11"]
[White "Johansson, Carl Fredrik"]
[Black "Kenneskog, Theodor"]
[Result "1/2-1/2"]
[WhiteElo "2173"]
[BlackElo "2318"]

1.d4 Nf6 2.c4 g6 3.Nc3 d5 4.cxd5 Nxd5 5.e4 Nxc3 6.bxc3 Bg7 7.Be3 c5 8.Qd2 
Qa5 9.Rc1 O-O 10.Nf3 Rd8 11.d5 e6 12.Bg5 f6 13.Be3 exd5 14.exd5 Nc6 15.Bd3
c4 16.Bxc4 Be6 17.dxe6 Rxd2 18.Bxd2 Qa4 19.Bb3 Qe4+ 20.Kd1 Re8 21.Re1 Qg4 
22.Bd5 Ne7 23.Bxb7 Rb8 24.Rb1 Qxg2 25.Kc2 Bf8 26.Rg1 Qxf2 27.Rgf1 Qg2 28.
Rg1 Qe2 29.Rge1 Qc4 30.Bd5 Qa4+ 31.Bb3 Qg4 32.Nd4 Rc8 33.Kb2 Qh3 34.Rbd1 
Qxh2 35.Nc2 Qc7 36.c4 a5 37.a4 Nc6 38.Bc3 Ne5 39.Bxe5 fxe5 40.Rd7 Qc5 41.
Red1 Rb8 42.R1d5 Rxb3+ 43.Kxb3 Qb6+ 44.Rb5 Qxe6 45.Rd8 Qh3+ 46.Kb2 Qh4 47.
Rc8 Kf7 48.Rb7+ Be7 49.Rcc7 Kf6 50.Rxe7 Qxc4 51.Rxh7 Qxa4 52.Rb6+ Kg5 53.
Re7 Kf5 54.Rb3 g5 55.Rf3+ Kg4 56.Re3 Qb5+ 57.Kc1 Kf5 58.Rf7+ Kg6 59.Ref3 
Qc6 60.Rf8 a4 61.Kd2 Qd5+ 62.Ke1 Qe6 63.Ra3 Qc6 64.Rf2 g4 65.Rg3 Qh1+ 66.
Ke2 Kh5 67.Ne3 a3 68.Rf5+ Kg6 69.Rxg4+ Kh7 70.Rf7+ Kh8 71.Rf1 Qh2+ 72.Rg2 
Qh5+ 73.Ng4 Kg7 74.Ke3 Qh3+ 75.Kf2 Kf8 76.Nxe5 a2 77.Kg1+ Ke8 78.Ng4 Qb3 
79.Re2+ Kd8 80.Ne3 Qb1 81.Nc2 Qb6+ 82.Ref2 Qg6+ 83.Rg2 Qb6+ 84.Rgf2 Qg6+ 
85.Kh2 Qg4 86.Rd2+ Kc7 87.Rfd1 Qf4+ 88.Kg2 Qg4+ 89.Kf2 Qf4+ 90.Ke2 Qe4+ 
91.Ne3 Qb1 92.Rc2+ Kb7 93.Rcc1 Qb5+ 94.Nc4 a1=Q 95.Rxa1 Qxc4+ 96.Ke3 
1/2-1/2

[Event "Nordic Championship"]
[Site "Vaxjo"]
[Date "2017.06.28"]
[Round "4.12"]
[White "Fors, Tomas"]
[Black "Rydstrom, Tom"]
[Result "1/2-1/2"]
[WhiteElo "2157"]
[BlackElo "2313"]

1.d4 Nf6 2.c4 e6 3.Nc3 Bb4 4.e3 O-O 5.Ne2 Re8 6.a3 Bf8 7.Ng3 d5 8.Be2 c5 
9.dxc5 Bxc5 10.b4 Bb6 11.O-O Nc6 12.Bb2 a5 13.cxd5 exd5 14.Nb5 Ne5 15.h3 
Qe7 16.bxa5 Rxa5 17.Qb3 Nc4 18.Bxc4 dxc4 19.Qxc4 Be6 20.Qe2 Ra4 21.Rac1 
Nd5 22.Nc3 Nxc3 23.Rxc3 Rh4 24.Qf3 Rd8 25.Nf5 Bxf5 26.Qxf5 Rh6 27.Rc8 Rd6 
28.Rfc1 h6 29.a4 Rd2 30.Rxd8+ Rxd8 31.Qe5 Qxe5 32.Bxe5 Ra8 33.Rc4 f6 34.
Bc3 Kf7 35.Kf1 Ke6 36.Ke2 g6 37.Rg4 g5 38.Rc4 h5 39.f3 f5 40.e4 fxe4 41.
Rxe4+ Kf7 42.Bd2 Bd8 43.Rb4 Kg6 44.Rxb7 Rxa4 45.Rd7 Bf6 46.Rd6 Kg7 47.Rc6 
Ra2 48.Kd3 Ra3+ 49.Ke2 1/2-1/2

[Event "Nordic Championship"]
[Site "Vaxjo"]
[Date "2017.06.28"]
[Round "4.13"]
[White "Keinanen, Toivo"]
[Black "Aroven, Mikael"]
[Result "0-1"]
[WhiteElo "2287"]
[BlackElo "2114"]

1.d4 Nf6 2.c4 e6 3.g3 c5 4.d5 exd5 5.cxd5 d6 6.Nc3 g6 7.Bg2 Bg7 8.Nf3 O-O 
9.O-O Re8 10.Bf4 a6 11.a4 b6 12.Nd2 Nh5 13.Be3 Nd7 14.Nc4 Ne5 15.Nxe5 Bxe5
16.Qd2 Rb8 17.Bg5 Qc7 18.e4 Bg7 19.Rfe1 b5 20.axb5 axb5 21.Bf3 b4 22.Nd1 
Nf6 23.Bf4 Nd7 24.Ne3 Ne5 25.Bxe5 Bxe5 26.Nc4 Bd4 27.Qf4 Be5 28.Qd2 Bd7 
29.Bg2 Bd4 30.Qf4 Re5 31.Nxe5 dxe5 32.Qd2 c4 33.Rec1 Qc5 34.Rc2 c3 35.bxc3
bxc3 36.Qc1 Kg7 37.Ra3 Rc8 38.Bf1 f5 39.Bd3 f4 40.Kg2 g5 41.Ra6 Rf8 42.f3 
Qc8 43.Qa3 Bh3+ 44.Kh1 Qd7 45.Be2 g4 46.Rxc3 Qf7 47.Rd3 fxg3 48.hxg3 Qh5 
49.Rxd4 exd4 50.Ra7+ Rf7 51.Rxf7+ Qxf7 52.f4 Qb7 53.Qd3 Qb2 54.d6 Kf8 55.
e5 Qb7+ 56.Bf3 Qxf3+ 57.Qxf3 gxf3 58.Kg1 d3 59.Kf2 d2 0-1

[Event "Nordic Championship"]
[Site "Vaxjo"]
[Date "2017.06.28"]
[Round "4.14"]
[White "Lind, Jan-Olov"]
[Black "Neretljak, Nedzad"]
[Result "0-1"]
[WhiteElo "2222"]
[BlackElo "2083"]

1.e4 e6 2.d3 d5 3.Nd2 Nf6 4.Ngf3 Nc6 5.Be2 h5 6.c3 Bd6 7.O-O Ng4 8.exd5 
exd5 9.d4 Qf6 10.Nb3 Bf5 11.Nc5 Be4 12.g3 h4 13.Nxe4 dxe4 14.Ng5 Nxh2 15.
Nxe4 Qg6 16.Nxd6+ Qxd6 17.Bf4 Qf6 18.Re1 O-O-O 19.Bg4+ Kb8 20.Kxh2 g5 21.
Qf3 hxg3+ 22.Kxg3 gxf4+ 23.Qxf4 Qh4+ 24.Kf3 f5 25.Bxf5 Qh5+ 26.Bg4 Qb5 27.
Kg2 Rhg8 28.Rab1 Rdf8 29.Qg3 a6 30.Kg1 Qg5 31.Re4 Ne7 32.Rbe1 Nf5 33.Qe5 
Qh4 34.f3 Ng3 35.Kg2 Nxe4 36.Qxe4 Rh8 37.Qe5 Rfg8 38.Qg3 Qg5 39.Qe5 Qd2+ 
40.Qe2 Qf4 41.Qe6 Rh2+ 42.Kf1 Qg3 43.Qxg8+ Ka7 0-1

[Event "Nordic Championship"]
[Site "Vaxjo"]
[Date "2017.06.28"]
[Round "4.15"]
[White "Malm Lindberg, Henrik"]
[Black "Emmoth, Alfons"]
[Result "1-0"]
[WhiteElo "2214"]
[BlackElo "2053"]

1.e4 e6 2.d4 d5 3.Nc3 Nf6 4.e5 Nfd7 5.Nf3 c5 6.dxc5 Nc6 7.Bf4 Bxc5 8.Bd3 
h6 9.O-O g5 10.Bg3 g4 11.Ne1 Qg5 12.Bb5 O-O 13.Nd3 Be7 14.f4 gxf3 15.Rxf3 
Kh8 16.Bf4 Qh5 17.Rh3 Qxd1+ 18.Rxd1 Re8 19.Bxh6 Nd4 20.Be3+ 1-0

[Event "Nordic Championship"]
[Site "Vaxjo"]
[Date "2017.06.28"]
[Round "4.16"]
[White "Storme, Isak"]
[Black "Kucuksari, Kaan"]
[Result "0-1"]
[WhiteElo "2129"]
[BlackElo "2299"]

1.Nf3 Nf6 2.c4 c6 3.e3 d5 4.b3 Bg4 5.Bb2 Nbd7 6.d4 e6 7.Nbd2 Bd6 8.Bd3 O-O
9.O-O Re8 10.Qc2 e5 11.Nxe5 Nxe5 12.dxe5 Bxe5 13.Bxe5 Rxe5 14.f3 Bh5 15.e4
dxe4 16.Nxe4 Bg6 17.Nxf6+ Qxf6 18.Rfe1 Rxe1+ 19.Rxe1 Qd4+ 0-1

[Event "Nordic Championship"]
[Site "Vaxjo"]
[Date "2017.06.28"]
[Round "4.17"]
[White "Wengholm, Anders"]
[Black "Lindgren, Philip"]
[Result "0-1"]
[WhiteElo "2209"]
[BlackElo "2420"]

1.Nf3 d5 2.g3 c6 3.Bg2 Bg4 4.O-O Nd7 5.d3 e6 6.Nbd2 Bd6 7.e4 Ne7 8.h3 Bh5 
9.Qe1 O-O 10.b3 Re8 11.Bb2 Bc7 12.Kh1 e5 13.exd5 Nxd5 14.Nh4 Nf4 15.Ne4 
Nxg2 16.Kxg2 Nf8 17.f4 exf4 18.gxf4 Ng6 19.Nxg6 hxg6 20.Qc3 f6 21.Qc4+ Qd5
22.Rae1 Qxc4 23.bxc4 Kf7 24.Bc3 Rad8 25.Bd2 b6 26.Ng3 Bd6 27.Ne4 Ba3 28.
Bc3 Be7 29.Ng3 Bd6 30.Ne4 Bc7 31.Bd2 Kg8 32.Ng3 Bd6 33.Ne4 Bf8 34.Ng3 Bd6 
35.Ne4 Kf7 36.Nxd6+ Rxd6 37.Rxe8 Kxe8 38.Be3 Re6 39.Re1 Bd1 40.c3 Bc2 41.
d4 Bd3 42.d5 cxd5 43.cxd5 Be4+ 44.Kf2 Bxd5 45.a4 Kd7 46.a5 bxa5 47.Rd1 Kc6
48.Bxa7 a4 49.Rd4 Re4 50.Rxe4 Bxe4 51.Ke3 Bf5 52.c4 Bxh3 53.Kd3 g5 54.fxg5
fxg5 55.Kc3 Bd7 56.Bb8 g6 57.Kb4 Kb7 58.Be5 g4 59.Kc5 Bc6 60.Bg3 Be8 61.
Be5 Kc8 62.Kb4 Bc6 63.Kc5 Bd7 64.Kb4 Kd8 65.Kc5 Ke7 66.Kd5 Kf7 67.c5 a3 
68.Kc4 a2 69.Kb3 Be6+ 70.Kb2 g5 71.c6 Kg6 72.c7 Kf5 73.Bd6 Ke4 74.c8=Q 
Bxc8 75.Kxa2 Kf3 76.Kb2 g3 77.Kc2 g2 78.Bc5 Ke2 0-1

[Event "Nordic Championship"]
[Site "Vaxjo"]
[Date "2017.06.28"]
[Round "4.18"]
[White "Ernst, Thomas"]
[Black "Wahlund, Max"]
[Result "1-0"]
[WhiteElo "2381"]
[BlackElo "2142"]

1.e4 e5 2.Nf3 Nc6 3.Bb5 a6 4.Ba4 Nf6 5.O-O Be7 6.Re1 b5 7.Bb3 d6 8.c3 O-O 
9.h3 Nb8 10.d4 Nbd7 11.Nbd2 Bb7 12.Bc2 Re8 13.Nf1 Bf8 14.Ng3 g6 15.Bg5 h6 
16.Bd2 Bg7 17.a4 c5 18.d5 c4 19.Be3 Qc7 20.Qd2 Kh7 21.Nh2 Nc5 22.Ng4 h5 
23.Nxf6+ Bxf6 24.Rf1 Bg7 25.Qd1 Nd7 26.Ra3 Nf6 27.Qd2 Qe7 28.Rfa1 Ng8 29.
b3 Bh6 30.Nf1 cxb3 31.Rxb3 bxa4 32.Rxa4 a5 33.Bxh6 Nxh6 34.Ne3 Bc8 35.Nc4 
g5 36.Rb6 Ra6 37.Rxa6 Bxa6 38.Nxa5 g4 39.Nc6 Qh4 40.g3 gxh3 41.gxh4 Rg8+ 
42.Qg5 1-0

[Event "Nordic Championship"]
[Site "Vaxjo"]
[Date "2017.06.28"]
[Round "4.19"]
[White "Pantzar, Milton"]
[Black "Carlsson, Ludvig"]
[Result "1-0"]
[WhiteElo "2313"]
[BlackElo "2088"]

1.c4 e5 2.Nc3 Nf6 3.g3 d5 4.cxd5 Nxd5 5.Bg2 Nb6 6.Nf3 Nc6 7.O-O Be7 8.Rb1 
O-O 9.b4 Bf5 10.b5 Nd4 11.d3 Nxf3+ 12.Bxf3 Qc8 13.a4 Rb8 14.Be3 Rd8 15.Qc2
Qd7 16.Ne4 Bxe4 17.Bxe4 f5 18.Bf3 g5 19.a5 Nc8 20.Rfc1 f4 21.Bd2 Bd6 22.
Qc4+ Kh8 23.gxf4 gxf4 24.Kh1 Ne7 25.Rg1 Ng6 26.Be4 Rg8 27.Rg5 b6 28.a6 Rg7
29.Rbg1 Rbg8 30.Bc3 Qh3 31.Bf5 Qh4 32.Bxg6 hxg6 33.Qe6 Qxf2 34.Rxe5 Bxe5 
35.Qh3+ Rh7 36.Bxe5+ Rg7 37.Qc8# 1-0

[Event "Nordic Championship"]
[Site "Vaxjo"]
[Date "2017.06.28"]
[Round "4.20"]
[White "Dragicevic, Drazen"]
[Black "Petersson, Baldur Teodor"]
[Result "1-0"]
[WhiteElo "2306"]
[BlackElo "2086"]

1.Nf3 Nf6 2.g3 g6 3.Bg2 Bg7 4.d4 O-O 5.O-O d5 6.Ne5 c5 7.dxc5 Qc7 8.Nd3 
Nbd7 9.Nc3 Nxc5 10.Bf4 Qc6 11.Nb4 Qb6 12.Ncxd5 Nxd5 13.Nxd5 Qxb2 14.Nxe7+ 
Kh8 15.Qd6 Ne6 16.Rab1 Qxc2 17.Be5 Qxe2 18.Bxg7+ Kxg7 19.Rfe1 Rd8 20.Qa3 
Qd3 21.Qa5 Qd6 22.Nxc8 Raxc8 23.Rxb7 Nc5 24.Rxa7 Re8 25.Rxe8 Rxe8 26.Bf3 
Qf6 27.Bd5 Qa1+ 28.Kg2 Qd4 29.Rxf7+ Kh6 30.Bc6 Nd3 31.Qd2+ g5 32.Rd7 Qc5 
33.Rxh7+ 1-0

[Event "Nordic Championship"]
[Site "Vaxjo"]
[Date "2017.06.28"]
[Round "4.21"]
[White "Pettersson, Anders"]
[Black "Vernersson, Per"]
[Result "1/2-1/2"]
[WhiteElo "2057"]
[BlackElo "2290"]

1.d4 d5 2.c4 e6 3.Nf3 Nf6 4.Bg5 Be7 5.e3 c5 6.dxc5 Qa5+ 7.Nbd2 Qxc5 8.cxd5
Qxd5 9.Bc4 Qd8 10.O-O Nc6 11.Qe2 O-O 12.Nb3 e5 13.Bb5 Bg4 14.Bxc6 bxc6 15.
h3 Bxf3 16.Qxf3 Qb6 17.Rac1 Rac8 18.Rc4 Qa6 19.Rfc1 Qxa2 20.Nc5 Rfd8 21.
Nb7 Rf8 22.Nd6 Rc7 23.Nf5 Nd5 24.Bh6 gxh6 25.Qg4+ Bg5 26.Nxh6+ Kh8 27.Qxg5
f6 28.Qf5 Qxb2 29.Rxc6 Rxc6 30.Rxc6 Qa1+ 31.Kh2 Ne7 32.Qd7 Nxc6 33.Nf7+ 
Kg8 34.Nh6+ Kh8 35.Nf7+ Kg8 36.Nh6+ 1/2-1/2

[Event "Nordic Championship"]
[Site "Vaxjo"]
[Date "2017.06.28"]
[Round "4.22"]
[White "Halvarsson, Peter"]
[Black "Seo, Jung Min"]
[Result "0-1"]
[WhiteElo "1889"]
[BlackElo "2276"]

1.e4 c5 2.a3 e6 3.b4 b6 4.c3 Bb7 5.e5 Nc6 6.Nf3 Qc7 7.d4 Rc8 8.Bd2 f6 9.
exf6 Nxf6 10.Be2 Bd6 11.dxc5 bxc5 12.h3 O-O 13.O-O Ne7 14.c4 Bxf3 15.Bxf3 
Be5 16.Ra2 Nf5 17.bxc5 Bd4 18.c6 dxc6 19.Kh1 e5 20.Bc3 Rcd8 21.Qc1 e4 22.
Bd1 c5 23.Bxd4 cxd4 24.c5 e3 25.Qc4+ Kh8 26.Bc2 Nh5 27.Bd3 Rf6 28.Kg1 Nf4 
29.fxe3 Nxe3 30.Qb5 Nxf1 31.Bxf1 Rdf8 32.Bc4 d3 33.Nc3 Nxh3+ 0-1

[Event "Nordic Championship"]
[Site "Vaxjo"]
[Date "2017.06.28"]
[Round "4.23"]
[White "Tuomainen, Felix"]
[Black "Green, Per"]
[Result "1-0"]
[WhiteElo "2294"]
[BlackElo "1965"]

1.d4 Nf6 2.c4 e6 3.Nf3 Bb4+ 4.Nbd2 O-O 5.a3 Be7 6.e4 d5 7.e5 Nfd7 8.Bd3 g6
9.h4 c5 10.h5 cxd4 11.hxg6 fxg6 12.Qc2 Qe8 13.O-O Nc6 14.Re1 Nc5 15.Nb3 
Nxd3 16.Qxd3 dxc4 17.Qxc4 Bd7 18.Bh6 Rf5 19.Nbxd4 Nxd4 20.Nxd4 Rc8 21.Qe2 
Rf7 22.Be3 Bf8 23.Nf3 Bb5 24.Qd1 Rd7 25.Qb1 b6 26.Qe4 Bc6 27.Qg4 Bxf3 28.
Qxf3 Rd5 29.Qe4 Qb5 30.b4 Rc4 31.Qf3 Bg7 32.Bg5 Qd7 33.Bf6 Rd3 34.Qe2 Rcd4
35.g3 Rd2 36.Qf3 R4d3 37.Qa8+ Bf8 38.Bg5 Rd1 39.Raxd1 Rxd1 40.Rxd1 Qxd1+ 
41.Kg2 Qd7 42.Bh6 Qd5+ 43.Qxd5 exd5 44.Bc1 b5 45.Kf3 Kf7 46.Bb2 Ke6 47.Ke3
Bg7 48.f4 g5 49.Kd4 gxf4 50.gxf4 Bf8 51.f5+ Kxf5 52.Kxd5 h5 53.Bd4 a6 54.
Bg1 h4 55.Bh2 h3 56.Kc6 Bg7 57.Kd6 Bf8+ 58.Kd7 a5 59.bxa5 Bxa3 60.a6 Bc5 
61.e6 b4 62.e7 1-0

[Event "Nordic Championship"]
[Site "Vaxjo"]
[Date "2017.06.28"]
[Round "4.24"]
[White "Thogersen, Rasmus"]
[Black "Sjostrand, Joel"]
[Result "1-0"]
[WhiteElo "2222"]
[BlackElo "1890"]

1.e4 e5 2.Nf3 Nc6 3.Bb5 a6 4.Ba4 Nf6 5.O-O Be7 6.Re1 b5 7.Bb3 d6 8.c3 O-O 
9.h3 Na5 10.Bc2 c5 11.d4 Qc7 12.Nbd2 Bd7 13.Nf1 Nc4 14.b3 Nb6 15.Ng3 g6 
16.Qe2 a5 17.Bd3 c4 18.bxc4 bxc4 19.Bc2 Na4 20.Bxa4 Bxa4 21.Ba3 exd4 22.
Nxd4 d5 23.Bxe7 Qxe7 24.e5 Nd7 25.Qf3 Nb6 26.Rab1 Rab8 27.Nh5 Nd7 28.Rxb8 
Rxb8 29.e6 gxh5 30.Nf5 Qf6 31.exd7 Kh8 32.Qxd5 Bc6 33.Qxc4 Bxd7 34.Qc7 Re8
35.Rxe8+ Bxe8 36.Qxa5 Bc6 37.Nd4 Bb7 38.Qxh5 Qe7 39.Qf5 h6 40.Kh2 Qc7+ 41.
f4 Qc4 42.Qe5+ Kh7 43.Nf5 f6 44.Qe7+ Kg6 45.Nh4+ Kh5 46.g4+ Kxh4 47.Qxf6# 
1-0